[Event "35. DSenEM 65+"]
[Site "Bad Wildungen"]
[Date "2023.07.23"]
[Round "7.45"]
[White "Huber, Helmut"]
[Black "Nemoj, Ilja"]
[Result "0-1"]
[WhiteElo "1661"]
[BlackElo "1792"]
[PlyCount "70"]
[EventDate "2023.??.??"]
[WhiteTeam "Brackweder Schachklub von 1924"]
[BlackTeam "Schachverein Horst-Emscher 31"]

1. Nf3 e6 2. d4 d5 3. Bf4 Nf6 4. e3 Nh5 5. Bg3 Nxg3 6. hxg3 Be7 7. Bd3 g6 8. Nbd2 b6 9. Qe2 Bb7 10. Ne5 Bf6 11. Ndf3 c6 12. c3 Nd7 13. Ng4 Qe7 14. Nxf6+ Qxf6 15. e4 O-O-O 16. e5 Qe7 17. O-O-O c5 18. dxc5 bxc5 19. Ba6 Nb6 20. Bxb7+ Qxb7 21. Qb5 Qe7 22. Kb1 Rd7 23. Nd2 Rb7 24. Nb3 Nc4 25. Qc6+ Kb8 26. Rhe1 Rc8 27. Qa4 Qc7 28. f4 Ka8 29. Re2 Qb8 30. Ka1 Rb5 31. Rb1 Rc6 32. Nc1 Qb7 33. Nd3 Ra5 34. Nxc5 Rcxc5 35. Qe8+ Rc8 0-1

[Event "35. DSenEM 65+"]
[Site "Bad Wildungen"]
[Date "2023.07.23"]
[Round "7.46"]
[White "Walther, Renate"]
[Black "Wolter, Guenter"]
[Result "1-0"]
[WhiteElo "1222"]
[BlackElo "1775"]
[PlyCount "53"]
[EventDate "2023.??.??"]
[WhiteTeam "SK 1911 Herzogenaurach e.V."]
[BlackTeam "TSG Neustrelitz"]

1. e4 d5 2. exd5 Nf6 3. d4 Nxd5 4. c4 Nf6 5. Nf3 Bg4 6. h3 Bh5 7. Be2 e6 8. Nc3 c6 9. O-O Be7 10. Bf4 O-O 11. Qc2 Bxf3 12. Bxf3 Qxd4 13. Ne2 Qb6 14. Rad1 Nbd7 15. Nc3 Nc5 16. Na4 Nxa4 17. Qxa4 h6 18. Qc2 Rfd8 19. Rxd8+ Rxd8 20. a3 Bd6 21. Bxd6 Rxd6 22. c5 Qd8 23. cxd6 Qxd6 24. Rd1 Nd5 25. Bxd5 exd5 26. Re1 Kf8 27. Qh7 1-0

[Event "35. DSenEM 65+"]
[Site "Bad Wildungen"]
[Date "2023.07.23"]
[Round "7.47"]
[White "Geibel, Henning"]
[Black "Thielemann, Joachim"]
[Result "1/2-1/2"]
[WhiteElo "1384"]
[BlackElo "1727"]
[Annotator "hugo5"]
[PlyCount "141"]
[EventDate "2023.??.??"]
[WhiteTeam "Ahrensburger TSV"]
[BlackTeam "SV Eutin von 1875"]

1. e4 e5 2. Nf3 Nc6 3. Bb5 Bc5 4. Bxc6 dxc6 5. d3 Bg4 6. h3 Bh5 7. O-O f6 8. Be3 Bd6 9. Nbd2 b5 10. c3 Ne7 11. Qc2 Bf7 12. d4 Ng6 13. dxe5 fxe5 14. c4 bxc4 15. Nxc4 c5 16. Nxd6+ cxd6 17. Rfd1 Qc7 18. a3 O-O 19. Ng5 Rad8 20. Nxf7 Qxf7 21. Qa4 h6 22. Qc6 Qf6 23. Qa6 Rf7 24. Qc4 Kh7 25. Rf1 Nf8 26. Rad1 Ne6 27. Qa6 Rfd7 28. Qc6 Rc7 29. Qd5 c4 30. Qa5 Rb7 31. Qc3 Rc7 32. Qb4 Qf8 33. Rd5 Rdd7 34. Rfd1 Rc6 35. Qb5 Nd8 36. Rxe5 Rb7 37. Rf5 Qe7 38. Qd5 Rxb2 39. Bf4 Rc5 40. Qd4 Rxf5 41. exf5 Re2 42. Bxd6 Re1+ 43. Rxe1 Qxe1+ 44. Kh2 Nf7 45. Bf8 Qe5+ 46. Qxe5 Nxe5 47. Bb4 Nd3 48. Bc3 {(=)} a6 49. Kg1 h5 50. Kf1 Kg8 51. Ke2 Nf4+ 52. Kf3 Nd5 53. Bb2 c3 54. Bc1 Kf7 55. Ke4 Nb6 56. Kd4 Na4 57. Kc4 Kf6 58. g4 hxg4 59. hxg4 Ke5 60. Kb3 Nc5+ 61. Kxc3 Ne4+ 62. Kb4 Nxf2 63. Bb2+ Kd5 64. Bxg7 Nxg4 65. f6 Ke6 66. Ka5 Ne5 67. Kxa6 Nc4 68. a4 Nd6 69. a5 Kd7 70. Ka7 Kc7 71. a6 1/2-1/2

[Event "35. DSenEM 65+"]
[Site "Bad Wildungen"]
[Date "2023.07.23"]
[Round "7.48"]
[White "Krum, Beate"]
[Black "Beisinghoff, Rudolf"]
[Result "1-0"]
[WhiteElo "1717"]
[BlackElo "1610"]
[PlyCount "119"]
[EventDate "2023.??.??"]
[WhiteTeam "SG Heidelberg-Kirchheim"]
[BlackTeam "SV Anderssen Arolsen"]

1. d4 c5 2. d5 d6 3. c4 g6 4. Nc3 Bg7 5. e4 a6 6. Be3 Nh6 7. Be2 f5 8. Qd2 Nf7 9. h4 h6 10. Nh3 e5 11. dxe6 Bxe6 12. Nf4 Qf6 13. exf5 Bxf5 14. Nfd5 Qd8 15. f4 Bd7 16. g4 Nc6 17. Qd3 Rg8 18. O-O-O Qa5 19. Qxg6 Kf8 20. Qb1 Nd4 21. Bd2 b5 22. g5 b4 23. Bh5 bxc3 24. Bxc3 Qd8 25. Qg6 Be8 26. Bxd4 Bxd4 27. Qf5 Qd7 28. Qxd7 Bxd7 29. Rhe1 hxg5 30. Bxf7 Rh8 31. hxg5 Rh2 32. Rd2 Rxd2 33. Kxd2 Rb8 34. b3 a5 35. Bg6 a4 36. Bc2 axb3 37. axb3 Ra8 38. Nb6 Ra7 39. Nxd7+ Rxd7 40. Re6 Rd8 41. Bg6 d5 42. Bd3 dxc4 43. Bxc4 Bg7+ 44. Ke3 Ra8 45. Ke4 Rd8 46. Kf5 Bd4 47. Kg6 Rd7 48. Ra6 Be3 49. Rf6+ Ke7 50. Re6+ Kf8 51. Rxe3 Rg7+ 52. Kf5 Rh7 53. Rd3 Ke8 54. Bb5+ Kf8 55. Rd8+ Kg7 56. Rd7+ Kh8 57. Rxh7+ Kxh7 58. Ke5 Kg6 59. Bd3+ Kf7 60. Kd6 1-0

[Event "35. DSenEM 65+"]
[Site "Bad Wildungen"]
[Date "2023.07.23"]
[Round "7.49"]
[White "Moews, Harald"]
[Black "Partsch, Manfred"]
[Result "1-0"]
[WhiteElo "1704"]
[BlackElo "1478"]
[PlyCount "89"]
[EventDate "2023.??.??"]
[WhiteTeam "Ahrensburger TSV"]
[BlackTeam "Potsdamer SV Mitte e.V."]

1. e4 b6 2. Bc4 e6 3. f4 Bb7 4. d3 Bc5 5. Nf3 Nf6 6. d4 Bb4+ 7. c3 Be7 8. e5 Ne4 9. O-O d5 10. Bd3 O-O 11. Nbd2 f6 12. Qe2 Nxd2 13. Bxd2 f5 14. a4 a5 15. g3 h6 16. Kf2 c5 17. h4 c4 18. Bc2 Nc6 19. h5 Qe8 20. Rh1 Bc8 21. Nh4 Bxh4 22. Rxh4 Ra7 23. Rg1 g6 24. hxg6 Qxg6 25. g4 Rg7 26. Rgh1 Kf7 27. Rxh6 Qxg4 28. Qxg4 Rxg4 29. Bd1 Rg7 30. Rh7 Rfg8 31. R7h6 Kf8 32. Rf6+ Ke7 33. Rh2 Bd7 34. b3 Rg1 35. Bc2 cxb3 36. Bxb3 Rb1 37. Rh7+ Ke8 38. Rff7 Nb8 39. Re7+ Kd8 40. Bxd5 exd5 41. e6 Bxa4 42. Rb7 Kc8 43. Rhc7+ Kd8 44. e7+ Ke8 45. Rxb8+ 1-0

[Event "35. DSenEM 65+"]
[Site "Bad Wildungen"]
[Date "2023.07.23"]
[Round "7.50"]
[White "Andrijenko, Anatoliy"]
[Black "Kaland, Joachim"]
[Result "1/2-1/2"]
[WhiteElo "1803"]
[BlackElo "1458"]
[Annotator "hugo5"]
[PlyCount "54"]
[EventDate "2023.??.??"]
[WhiteTeam "SF Koeln-Longerich 1956"]
[BlackTeam "Koenigsspr. SC.1984 e.V."]

1. e4 e6 2. d4 d5 3. Nd2 Nf6 4. Bd3 dxe4 5. Nxe4 Nxe4 6. Bxe4 c6 7. Nf3 Nd7 8. O-O Nf6 9. Bg5 Be7 10. c3 Nxe4 11. Bxe7 Qxe7 12. Qc2 Nf6 13. Rfe1 h6 14. Ne5 Bd7 15. f4 O-O 16. c4 Rac8 17. g4 b5 18. b3 a6 19. h4 Nxg4 20. Nxg4 Qxh4 21. Qg2 bxc4 22. Re3 e5 23. Nxe5 Qxf4 24. Re4 Qf5 25. Rf1 Qh3 26. Nxd7 Qxd7 27. bxc4 Rfe8 {(=)} 1/2-1/2

[Event "35. DSenEM 65+"]
[Site "Bad Wildungen"]
[Date "2023.07.23"]
[Round "7.51"]
[White "Kramell, Ralph Friedrich Kurt"]
[Black "Pos, Joshua"]
[Result "1-0"]
[WhiteElo "1765"]
[BlackElo "1404"]
[PlyCount "65"]
[EventDate "2023.??.??"]
[WhiteTeam "SG 2011 Sennewitz e.V."]
[BlackTeam "SC Papenburg"]

1. Nc3 e6 2. e4 d5 3. d4 c5 4. Bb5+ Bd7 5. Bf4 Nc6 6. Nge2 a6 7. Bxc6 Bxc6 8. dxc5 Bxc5 9. exd5 exd5 10. Nd4 Qf6 11. Qe2+ Ne7 12. Be5 Qg6 13. O-O Bxd4 14. Bxd4 Rd8 15. Rfe1 Rd7 16. Nd1 O-O 17. Ne3 Rc8 18. Qf3 h5 19. c3 b5 20. Re2 a5 21. Nc2 Nf5 22. Rae1 b4 23. Re5 Re7 24. Qxf5 Rxe5 25. Qxc8+ Re8 26. Rxe8+ Bxe8 27. Qxe8+ Kh7 28. Qe2 h4 29. h3 f6 30. cxb4 axb4 31. Nxb4 Qb1+ 32. Kh2 Qf5 33. Qd3 1-0

[Event "35. DSenEM 65+"]
[Site "Bad Wildungen"]
[Date "2023.07.23"]
[Round "7.52"]
[White "Elkendorf, Werner"]
[Black "Schmieder, Wolfgang Ernst"]
[Result "1/2-1/2"]
[WhiteElo "1578"]
[BlackElo "1754"]
[PlyCount "41"]
[EventDate "2023.??.??"]
[WhiteTeam "Schachfreunde Drensteinfurt e. V"]
[BlackTeam "SK Hofgeismar"]

1. d4 d5 2. Nf3 g6 3. Bf4 Bg7 4. e3 Nf6 5. h3 a5 6. Bd3 b6 7. Nbd2 Ba6 8. Qe2 O-O 9. O-O Nh5 10. Bh2 Bxd3 11. Qxd3 Nf6 12. Rfe1 Re8 13. Rab1 Nc6 14. c3 Qd7 15. Ne5 Qe6 16. Qb5 Nxe5 17. Bxe5 Ne4 18. Nf3 Bxe5 19. Nxe5 f6 20. Nf3 Rac8 21. a4 1/2-1/2

[Event "35. DSenEM 65+"]
[Site "Bad Wildungen"]
[Date "2023.07.23"]
[Round "7.53"]
[White "Hassler, Rolf"]
[Black "Ludwig, Richard"]
[Result "1-0"]
[WhiteElo "1695"]
[BlackElo "1489"]
[PlyCount "65"]
[EventDate "2023.??.??"]
[WhiteTeam "Hellertaler Schachfreunde 1954"]
[BlackTeam "SV Irxleben von 1919"]

1. e4 Nf6 2. d3 e5 3. Nc3 Nc6 4. Bg5 Be7 5. Nf3 b6 6. Be2 Bb7 7. Bxf6 Bxf6 8. Nd5 d6 9. c3 Nb8 10. O-O Nd7 11. d4 Bxd5 12. exd5 exd4 13. Nxd4 Bxd4 14. Qxd4 O-O 15. Bd3 Nf6 16. Rfe1 Re8 17. Bb5 Rxe1+ 18. Rxe1 h6 19. Bc6 Rb8 20. b4 a6 21. a4 Nd7 22. f4 Nf6 23. Qd3 Qf8 24. Qxa6 Re8 25. Bxe8 Nxe8 26. Qc8 Nf6 27. Qxf8+ Kxf8 28. c4 Nd7 29. a5 bxa5 30. bxa5 Nb8 31. Rb1 Na6 32. Rb7 Ke7 33. Ra7 1-0

[Event "35. DSenEM 65+"]
[Site "Bad Wildungen"]
[Date "2023.07.23"]
[Round "7.54"]
[White "Otten, Arnold"]
[Black "Ross, Heinrich"]
[Result "1/2-1/2"]
[WhiteElo "1494"]
[BlackElo "1602"]
[PlyCount "72"]
[EventDate "2023.??.??"]
[WhiteTeam "ESV Rot-Weiss Goettingen"]
[BlackTeam "SG Springer Burghaun"]

1. d4 d5 2. Nf3 c6 3. c4 e6 4. Nc3 Nf6 5. Bg5 Be7 6. e3 Ne4 7. Bxe7 Qxe7 8. Qc2 Nxc3 9. bxc3 Nd7 10. Be2 O-O 11. O-O a6 12. a4 e5 13. Rad1 e4 14. Nd2 Nf6 15. h3 h6 16. cxd5 cxd5 17. c4 Re8 18. Ra1 Be6 19. cxd5 Bxd5 20. Qb2 Rab8 21. a5 h5 22. Nc4 Bxc4 23. Bxc4 Qc7 24. Qb4 Nd7 25. Rfc1 Qd8 26. Qa3 Nf6 27. Qa2 Rf8 28. Rc2 g6 29. Rb2 Qc7 30. Be2 Kg7 31. Rc2 Qd8 32. Bc4 Ne8 33. Rb2 Nd6 34. f3 f5 35. Bxa6 Ra8 36. Be2 Rxa5 1/2-1/2

[Event "35. DSenEM 65+"]
[Site "Bad Wildungen"]
[Date "2023.07.23"]
[Round "7.55"]
[White "Schneidereit, Manfred"]
[Black "Bierwald, Martin"]
[Result "1-0"]
[WhiteElo "1678"]
[BlackElo "1540"]
[PlyCount "75"]
[EventDate "2023.??.??"]
[WhiteTeam "Jueterbog"]
[BlackTeam "Koenigsspr. SC.1984 e.V."]

1. e4 e6 2. Nf3 d5 3. exd5 exd5 4. d4 Nf6 5. Bg5 Be7 6. Bd3 O-O 7. h3 Be6 8. O-O Re8 9. Re1 Nbd7 10. c3 Nf8 11. Nbd2 h6 12. Bh4 N6h7 13. Bg3 Bd6 14. Nf1 Bxg3 15. Nxg3 c6 16. Qc2 Nf6 17. Re3 Qc7 18. Ne5 N6d7 19. Rae1 Nxe5 20. dxe5 g6 21. b3 Qd8 22. f4 Kg7 23. f5 Bd7 24. e6 fxe6 25. fxg6 Qg5 26. Kh2 e5 27. Qe2 e4 28. Bc2 Nxg6 29. Nh5+ Kh8 30. Rg3 Qf5 31. Rf1 Qxf1 32. Qxf1 Rf8 33. Qc1 Kh7 34. Qe3 Rf5 35. Bd1 a6 36. Bg4 Rf7 37. Bxd7 Rxd7 38. Nf6+ 1-0

[Event "35. DSenEM 65+"]
[Site "Bad Wildungen"]
[Date "2023.07.24"]
[Round "8.2"]
[White "Pruefer, Friedbert"]
[Black "Schulz, Michael"]
[Result "1-0"]
[WhiteElo "2235"]
[BlackElo "2229"]
[Annotator "hugo5"]
[PlyCount "103"]
[EventDate "2023.??.??"]
[WhiteTeam "TSG 1861 Taucha"]
[BlackTeam "SC Zitadelle Spandau 1977 e.V."]

{[%evp 0,53,19,19,26,26,43,4,4,3,3,13,-2,-3,9,5,13,8,43,29,28,44,33,27,55,26,33,33,19,16,19,12,22,-24,-8,-35,-10,-25,-44,-30,-53,-36,40,32,52,53,43,45,53,38,34,57,55,57,57,46]} 1. d4 Nf6 2. Nf3 g6 3. g3 Bg7 4. Bg2 O-O 5. O-O d5 6. c4 c6 7. cxd5 cxd5 8. Nc3 e6 9. Ne5 Nbd7 10. f4 a6 11. a4 b6 12. Qd3 Bb7 13. b3 Rc8 14. Ba3 Re8 15. Rfc1 Bf8 16. b4 Rc7 17. a5 b5 18. Qe3 Nxe5 19. fxe5 Ng4 20. Qf3 Qg5 21. Nxb5 Rc4 22. Nd6 Bxd6 23. exd6 Qe3+ 24. Qxe3 Nxe3 25. Rxc4 Nxc4 26. b5 axb5 27. Bc5 Ba6 28. e4 dxe4 29. Bf1 Rd8 30. Bxc4 bxc4 31. Kf2 f5 32. Ke3 g5 33. Rb1 c3 34. Rc1 Kf7 35. Rxc3 Kf6 36. Rb3 Bc4 37. Rb7 h5 38. d7 f4+ 39. gxf4 gxf4+ 40. Kxf4 e5+ 41. dxe5+ Ke6 42. Rb6+ Kxd7 43. Kxe4 Rg8 44. Rd6+ Kc8 45. e6 Rg4+ 46. Kf5 Bb5 47. a6 Rc4 48. Be3 Kc7 49. a7 Ra4 50. Rd2 Ra3 51. Bf2 Kb7 52. e7 1-0

[Event "35. DSenEM 65+"]
[Site "Bad Wildungen"]
[Date "2023.07.24"]
[Round "8.3"]
[White "Buchal, Stephan"]
[Black "Ackermann, Hans Werner"]
[Result "0-1"]
[WhiteElo "2211"]
[BlackElo "2191"]
[PlyCount "78"]
[EventDate "2023.??.??"]
[WhiteTeam "SAbt SV Werder Bremen"]
[BlackTeam "Hammer Sportclub 2008 e. V."]

1. c4 Nf6 2. g3 e6 3. Bg2 d5 4. Nf3 Be7 5. O-O O-O 6. b3 a5 7. Nc3 d4 8. Nb5 Nc6 9. e3 e5 10. exd4 exd4 11. d3 Bf5 12. Bf4 Ne8 13. Qe2 Bf6 14. a3 g5 15. Bc1 Ng7 16. Bb2 Ne6 17. Nd2 Bg6 18. f4 gxf4 19. gxf4 Re8 20. Ne4 Ng7 21. f5 Bh5 22. Qd2 Rc8 23. Qh6 Rxe4 24. Bxe4 Bg5 25. Qxg7+ Kxg7 26. Kh1 Bf6 27. Rf2 Qd7 28. Rg2+ Kh8 29. Rag1 Re8 30. Bc1 Ne7 31. Bf4 Rg8 32. Rxg8+ Nxg8 33. Nxc7 Ne7 34. Nd5 Nxd5 35. cxd5 Be2 36. Re1 Bd8 37. d6 Bf3+ 38. Kg1 Bxe4 39. dxe4 f6 0-1

[Event "35. DSenEM 65+"]
[Site "Bad Wildungen"]
[Date "2023.07.24"]
[Round "8.4"]
[White "Krueger, Erich"]
[Black "Podat, Vladimir"]
[Result "1-0"]
[WhiteElo "2146"]
[BlackElo "2265"]
[PlyCount "103"]
[EventDate "2023.??.??"]
[WhiteTeam "Schachfreunde Essen-Katernberg"]
[BlackTeam "SC Untergrombach 46"]

1. d4 Nf6 2. c4 g6 3. Nc3 d5 4. cxd5 Nxd5 5. Bd2 Nb6 6. e4 Bg7 7. Be3 O-O 8. h3 f5 9. exf5 Bxf5 10. Qb3+ Kh8 11. Nf3 Nc6 12. Rd1 e5 13. dxe5 Qe7 14. Be2 Nxe5 15. Nxe5 Qxe5 16. O-O Be6 17. Qb5 c6 18. Qxe5 Bxe5 19. Bd4 Bxd4 20. Rxd4 Rfd8 21. Rfd1 Rxd4 22. Rxd4 Kg7 23. a3 Kf6 24. f4 Ke7 25. Kf2 Nd5 26. Nxd5+ Bxd5 27. Bf3 Kd6 28. g4 a5 29. h4 b5 30. h5 gxh5 31. Bxd5 cxd5 32. g5 Rf8 33. Kf3 Kc5 34. Rd1 d4 35. Rc1+ Kd5 36. Rc7 Rd8 37. Rxh7 d3 38. Rxh5 d2 39. Rh1 Kd4 40. Rd1 Kd3 41. f5 Kc2 42. Rxd2+ Kxd2 43. Kf4 b4 44. f6 Kc2 45. axb4 a4 46. g6 Kxb2 47. g7 a3 48. f7 a2 49. g8=Q a1=Q 50. Qxd8 Qf1+ 51. Kg5 Qg2+ 52. Kh6 1-0

[Event "35. DSenEM 65+"]
[Site "Bad Wildungen"]
[Date "2023.07.24"]
[Round "8.5"]
[White "Salov, Sergej"]
[Black "Rydzewski, Klaus"]
[Result "1/2-1/2"]
[WhiteElo "2162"]
[BlackElo "2089"]
[PlyCount "45"]
[EventDate "2023.??.??"]
[WhiteTeam "Luebecker SV von 1873"]
[BlackTeam "Schachverein Horst-Emscher 31"]

1. e4 e6 2. d4 d5 3. Nd2 f5 4. exf5 exf5 5. Ndf3 Nf6 6. Bd3 Bd6 7. Ne2 O-O 8. O-O Ne4 9. c4 c6 10. Qb3 Kh8 11. c5 Bc7 12. Qc2 Nd7 13. Bf4 Bxf4 14. Nxf4 Qf6 15. Be2 Qh6 16. Nd3 g5 17. Nfe5 g4 18. Qc1 Qg7 19. f3 gxf3 20. Rxf3 Ndf6 21. Qf4 Rg8 22. Bf1 Ng5 23. Re3 1/2-1/2

[Event "35. DSenEM 65+"]
[Site "Bad Wildungen"]
[Date "2023.07.24"]
[Round "8.6"]
[White "Schumacher, Gottfried"]
[Black "Babrikowski, Peter"]
[Result "1-0"]
[WhiteElo "2147"]
[BlackElo "2127"]
[PlyCount "79"]
[EventDate "2023.??.??"]
[WhiteTeam "Bad Neuenahr"]
[BlackTeam "SV Schott Jena"]

1. c4 e5 2. Nf3 Nc6 3. Nc3 Nf6 4. d4 exd4 5. Nxd4 Nxd4 6. Qxd4 Be7 7. e4 d6 8. Be2 O-O 9. b3 Re8 10. Bb2 Bf8 11. O-O c6 12. Rfe1 Qa5 13. Rad1 Bg4 14. Bxg4 Nxg4 15. h3 Nf6 16. Re3 Rad8 17. Rg3 Qe5 18. Qxa7 Nxe4 19. Na4 Qh5 20. Rgd3 b5 21. cxb5 Qxb5 22. Qb6 Qxb6 23. Nxb6 Nc5 24. R3d2 d5 25. Bd4 Rb8 26. Bxc5 Bxc5 27. Nd7 Rb5 28. Rc2 Ba7 29. Rxc6 h6 30. Rc7 Ra5 31. Rd2 Re1+ 32. Kh2 h5 33. h4 Re4 34. g3 d4 35. b4 Ra3 36. b5 d3 37. b6 Re2 38. Rxa7 Rxd2 39. Rxa3 Rxf2+ 40. Kh3 1-0

[Event "35. DSenEM 65+"]
[Site "Bad Wildungen"]
[Date "2023.07.24"]
[Round "8.7"]
[White "Schmid, Wolfgang"]
[Black "Chevelevitch, Evgueni"]
[Result "0-1"]
[WhiteElo "2100"]
[BlackElo "2368"]
[PlyCount "80"]
[EventDate "2023.??.??"]
[WhiteTeam "Stuttgarter SF 1879"]
[BlackTeam "Hamburger SK von 1830 eV"]

1. e4 e5 2. Nf3 Nc6 3. d4 exd4 4. Nxd4 Nf6 5. Nxc6 bxc6 6. Bd3 d5 7. Qe2 Bg4 8. f3 Be6 9. Bg5 Qb8 10. Nd2 Qxb2 11. O-O Qe5 12. Be3 dxe4 13. Nxe4 Nxe4 14. fxe4 Bc5 15. Bxc5 Qxc5+ 16. Qf2 Qxf2+ 17. Kxf2 Ke7 18. Ke3 Kd6 19. Kd4 c5+ 20. Kc3 Rab8 21. a3 f6 22. Rf3 Rhe8 23. h3 h6 24. Re1 Bd7 25. Bc4 Re5 26. Rd3+ Ke7 27. Bd5 Rb6 28. Bc4 Rd6 29. g4 h5 30. gxh5 Rxh5 31. Rg3 Rxh3 32. Rxh3 Bxh3 33. e5 Rd8 34. Re3 Rh8 35. exf6+ Kxf6 36. Bd5 Bf5 37. Kc4 Rh3 38. Rb3 Rxb3 39. cxb3 Be6 40. Kxc5 Bxd5 0-1

[Event "35. DSenEM 65+"]
[Site "Bad Wildungen"]
[Date "2023.07.24"]
[Round "8.8"]
[White "Brueggemann, Joachim"]
[Black "Schober, Ralf"]
[Result "1-0"]
[WhiteElo "2287"]
[BlackElo "2089"]
[PlyCount "45"]
[EventDate "2023.??.??"]
[WhiteTeam "Erfurter Schachklub"]
[BlackTeam "SV 1919 Grimma"]

1. e4 e6 2. d4 d5 3. Nc3 Nf6 4. Bg5 dxe4 5. Nxe4 Nbd7 6. Nf3 h6 7. Bxf6 Nxf6 8. Bd3 Be7 9. Qe2 c6 10. O-O-O Qc7 11. Ne5 Nxe4 12. Bxe4 Bf6 13. f4 Bxe5 14. dxe5 Bd7 15. Qg4 g6 16. Qh4 Qd8 17. Qf2 Qb6 18. Rd4 O-O-O 19. Rhd1 Qc5 20. Qd2 Qe7 21. Qa5 a6 22. Qb6 Kb8 23. Bxc6 1-0

[Event "35. DSenEM 65+"]
[Site "Bad Wildungen"]
[Date "2023.07.24"]
[Round "8.9"]
[White "Schmidt, Bodo"]
[Black "Namyslo, Holger"]
[Result "1/2-1/2"]
[WhiteElo "2262"]
[BlackElo "2085"]
[PlyCount "95"]
[EventDate "2023.??.??"]
[WhiteTeam "SC 1919 Siegburg e. V."]
[BlackTeam "TG Biberach 1847 e.V."]

1. d4 d5 2. Nf3 Nf6 3. Bf4 c5 4. e3 Nc6 5. Nc3 a6 6. dxc5 e6 7. Na4 Bxc5 8. Nxc5 Qa5+ 9. c3 Qxc5 10. Be2 O-O 11. O-O Re8 12. Ne5 Nd7 13. Nd3 Qe7 14. Bg3 e5 15. Re1 Nb6 16. a4 Bf5 17. b3 a5 18. Qc1 Rac8 19. h3 f6 20. Qd2 Kh8 21. Bg4 Bxg4 22. hxg4 Qd7 23. f3 Nd8 24. Kf2 Ne6 25. Rh1 Kg8 26. Qc2 Nf8 27. Rhd1 Rc6 28. Nc1 Qe7 29. Qd2 Rd8 30. Ne2 Ne6 31. Kf1 Qf7 32. Bf2 f5 33. gxf5 Qxf5 34. Kg1 Qg6 35. Rf1 Rdc8 36. Bg3 Qh5 37. Kf2 Nc5 38. Qc2 e4 39. Rad1 Qf7 40. Kg1 Qe8 41. Bf4 Nd3 42. Rxd3 exd3 43. Qxd3 Qg6 44. Qxg6 Rxg6 45. Be5 Nd7 46. Bd4 Nc5 47. Rb1 Rd6 48. Nf4 1/2-1/2

[Event "35. DSenEM 65+"]
[Site "Bad Wildungen"]
[Date "2023.07.24"]
[Round "8.10"]
[White "Koehler, Gerhard"]
[Black "Zimmermann, Rolf"]
[Result "1-0"]
[WhiteElo "2185"]
[BlackElo "2067"]
[PlyCount "77"]
[EventDate "2023.??.??"]
[WhiteTeam "USV Halle"]
[BlackTeam "Duesseldorfer Schachklub 14/25 e"]

1. c4 c5 2. g3 g6 3. Bg2 Bg7 4. Nc3 Nc6 5. a3 e6 6. d3 Nge7 7. h4 h5 8. Nh3 b6 9. Nf4 Bb7 10. Bd2 Na5 11. e4 Nac6 12. Rb1 d6 13. b4 Bxc3 14. Bxc3 e5 15. Ne2 Nd4 16. Nxd4 exd4 17. Bd2 Nc6 18. bxc5 dxc5 19. O-O Ne5 20. Qe2 Qc7 21. Rbe1 Bc8 22. Bc1 Be6 23. f4 Bg4 24. Qc2 Nc6 25. f5 Ne5 26. fxg6 f6 27. Bf4 Rg8 28. Rb1 Rxg6 29. a4 Rb8 30. a5 Kf8 31. Rb2 Qc6 32. Kh2 Kg8 33. Ra1 Rg7 34. Rb5 Rgb7 35. axb6 Rxb6 36. Rxa7 Rxb5 37. cxb5 Rxb5 38. Bxe5 fxe5 39. Qc1 1-0

[Event "35. DSenEM 65+"]
[Site "Bad Wildungen"]
[Date "2023.07.24"]
[Round "8.11"]
[White "Heinemann, Ernst"]
[Black "Gruzmann, Boris"]
[Result "0-1"]
[WhiteElo "2100"]
[BlackElo "2162"]
[PlyCount "116"]
[EventDate "2023.??.??"]
[WhiteTeam "SK Union Oldenburg"]
[BlackTeam "Luebecker SV von 1873"]

1. e4 c5 2. Nf3 d6 3. c3 Nf6 4. Be2 Nc6 5. d4 cxd4 6. cxd4 Nxe4 7. d5 Qa5+ 8. Nc3 Ne5 9. Nxe5 dxe5 10. O-O Nxc3 11. bxc3 g6 12. Rb1 a6 13. c4 Rb8 14. Bb2 f6 15. Qb3 Qd2 16. Rfe1 Bh6 17. Rbd1 Qa5 18. Bc3 Qc7 19. d6 exd6 20. Bb4 Bf8 21. Rd2 Be6 22. Red1 Rd8 23. Qa3 Kf7 24. c5 d5 25. Ba5 Bxc5 26. Bxc7 Bxa3 27. Bxd8 Rxd8 28. Bf3 Bb4 29. Rb2 a5 30. a3 Bxa3 31. Rxb7+ Kg8 32. Rb5 Bb4 33. Bxd5 Rxd5 34. Rdxd5 Bxd5 35. Rxd5 Kf7 36. Kf1 a4 37. Ke2 a3 38. Kd3 Ke6 39. Kc4 Bf8 40. Ra5 h5 41. f3 g5 42. Ra6+ Bd6 43. h3 h4 44. Rb6 Kd7 45. Ra6 Kc7 46. Kb3 f5 47. Ra7+ Kc6 48. Kc4 Kb6 49. Ra8 Kb7 50. Ra4 e4 51. fxe4 fxe4 52. Kb3 e3 53. Re4 Bc5 54. Re5 Kc6 55. Rxg5 Bd4 56. Rg8 Kd5 57. Rd8+ Ke4 58. Rc8 e2 0-1

[Event "35. DSenEM 65+"]
[Site "Bad Wildungen"]
[Date "2023.07.24"]
[Round "8.12"]
[White "Hassenrueck, Helmut"]
[Black "Kannenberg, Karl-Heinz"]
[Result "1/2-1/2"]
[WhiteElo "2162"]
[BlackElo "2081"]
[PlyCount "69"]
[EventDate "2023.??.??"]
[WhiteTeam "Schachgesellschaft-Gladbeck 19/2"]
[BlackTeam "SC Kitzingen von 1905"]

1. d4 d5 2. Nf3 Nf6 3. c4 c6 4. Nc3 dxc4 5. e4 b5 6. e5 Nd5 7. a4 Nxc3 8. bxc3 Be6 9. Be2 Bd5 10. O-O e6 11. Qd2 Be7 12. Qf4 O-O 13. Qg4 Kh8 14. h4 f5 15. exf6 gxf6 16. Bh6 Rg8 17. Qf4 Bd6 18. Qe3 Qc7 19. Ne1 Nd7 20. Bf3 Bf8 21. Bxd5 Bxh6 22. Qxh6 exd5 23. axb5 cxb5 24. Nc2 Rg6 25. Qh5 Rag8 26. Ne3 Nb6 27. Ra5 Qf4 28. Rfa1 Rh6 29. Qf5 Qxh4 30. Kf1 Na4 31. Ra3 Qh1+ 32. Ke2 Qc1 33. R3xa4 bxa4 34. Rxa7 Qxc3 35. Rxh7+ 1/2-1/2

[Event "35. DSenEM 65+"]
[Site "Bad Wildungen"]
[Date "2023.07.24"]
[Round "8.13"]
[White "Keller, Harald"]
[Black "Szenetra, Werner"]
[Result "1/2-1/2"]
[WhiteElo "2040"]
[BlackElo "2160"]
[PlyCount "75"]
[EventDate "2023.??.??"]
[WhiteTeam "SV Rottweil"]
[BlackTeam "SV Berenbostel"]

1. e4 d6 2. d4 g6 3. Nc3 Bg7 4. f4 a6 5. Bd3 Nd7 6. Nf3 b5 7. e5 c5 8. exd6 exd6 9. Ne4 Qb6 10. dxc5 dxc5 11. Qe2 Ne7 12. c4 b4 13. O-O O-O 14. Neg5 Nc6 15. f5 Nf6 16. fxg6 hxg6 17. Ne4 Bg4 18. Qf2 Bxf3 19. Qxf3 Ne5 20. Nxf6+ Bxf6 21. Qxf6 Qxf6 22. Rxf6 Nxd3 23. Bh6 Rfe8 24. Raf1 Ra7 25. b3 a5 26. Rd6 Ne5 27. Bf4 a4 28. Rd5 Nd7 29. bxa4 Nb6 30. Rxc5 Nxa4 31. Rc7 Rxc7 32. Bxc7 Rc8 33. Bd6 Rxc4 34. Rb1 Nc5 35. Bxc5 Rxc5 36. Rxb4 Rc1+ 37. Kf2 Rc2+ 38. Kf3 1/2-1/2

[Event "35. DSenEM 65+"]
[Site "Bad Wildungen"]
[Date "2023.07.24"]
[Round "8.14"]
[White "Schaefer, Martin"]
[Black "Kyas, Juergen"]
[Result "1/2-1/2"]
[WhiteElo "1929"]
[BlackElo "2139"]
[PlyCount "40"]
[EventDate "2023.??.??"]
[WhiteTeam "SG Ennepe-Ruhr-Sued e.V."]
[BlackTeam "SV Eiche Reichenbrand"]

1. d4 Nf6 2. c4 g6 3. Nc3 d5 4. Bf4 Bg7 5. e3 c5 6. dxc5 Qa5 7. Rc1 dxc4 8. Bxc4 O-O 9. Nf3 Qxc5 10. Bb3 Nc6 11. O-O Qa5 12. h3 Bf5 13. Qe2 Ne4 14. Nxe4 Bxe4 15. Nd2 Bd5 16. Bxd5 Qxd5 17. Nb3 Rac8 18. Rfd1 Qe6 19. Rd2 a6 20. Qd1 Ne5 1/2-1/2

[Event "35. DSenEM 65+"]
[Site "Bad Wildungen"]
[Date "2023.07.24"]
[Round "8.15"]
[White "Partenheimer, Axel"]
[Black "Paus, Franz"]
[Result "1/2-1/2"]
[WhiteElo "2123"]
[BlackElo "2014"]
[PlyCount "41"]
[EventDate "2023.??.??"]
[WhiteTeam "Duesseldorfer Schachklub 14/25 e"]
[BlackTeam "Schachfuechse Kempen 1986 e. V."]

1. c4 c5 2. Nf3 Nf6 3. Nc3 Nc6 4. g3 g6 5. Bg2 Bg7 6. d4 cxd4 7. Nxd4 O-O 8. O-O a6 9. c5 Nxd4 10. Qxd4 Ne8 11. Qd3 d6 12. Rd1 Bf5 13. e4 Bg4 14. f3 Be6 15. Be3 Qa5 16. f4 dxc5 17. e5 Nc7 18. Ne4 c4 19. Qc3 Qxc3 20. Nxc3 f6 21. Bb6 1/2-1/2